Oracle application server 10g administration handbook / (Record no. 136069)

MARC details
000 -LEADER
fixed length control field 00850nam a22002657a 4500
003 - CONTROL NUMBER IDENTIFIER
control field 0
005 - DATE AND TIME OF LATEST TRANSACTION
control field 20180730151137.0
008 - FIXED-LENGTH DATA ELEMENTS--GENERAL INFORMATION
fixed length control field 0
010 ## - LIBRARY OF CONGRESS CONTROL NUMBER
LC control number B-157282
020 ## - INTERNATIONAL STANDARD BOOK NUMBER
Terms of availability 00.00
International Standard Book Number 0070587760
035 ## - SYSTEM CONTROL NUMBER
System control number B-157282, B-157288
037 ## - SOURCE OF ACQUISITION
Source of stock number/acquisition Cen Lib/Ret
040 ## - CATALOGING SOURCE
Original cataloging agency DPL
Language of cataloging EN
Transcribing agency 0
082 ## - DEWEY DECIMAL CLASSIFICATION NUMBER
Classification number 005.7565
Item number GAR
100 ## - MAIN ENTRY--PERSONAL NAME
Personal name Garmany, John
9 (RLIN) 38364
245 ## - TITLE STATEMENT
Title Oracle application server 10g administration handbook /
Statement of responsibility, etc by John Garmany [and] Donald K.Burleson
260 ## - PUBLICATION, DISTRIBUTION, ETC. (IMPRINT)
Place of publication, distribution, etc New Delhi
Name of publisher, distributor, etc Tata McGraw-Hill Publishing Company
Date of publication, distribution, etc 2005
270 ## - ADDRESS
City New Delhi
Address 7 West Patel Nagar
Postal code 110008
300 ## - PHYSICAL DESCRIPTION
Extent xiv, 382p.
Dimensions 23cm(pbk)
500 ## - GENERAL NOTE
General note Includes index
650 ## - SUBJECT ADDED ENTRY--TOPICAL TERM
Topical term or geographic name as entry element Application software -- Development.
9 (RLIN) 36689
650 ## - SUBJECT ADDED ENTRY--TOPICAL TERM
Topical term or geographic name as entry element Oracle (Computer file)
9 (RLIN) 104329
700 ## - ADDED ENTRY--PERSONAL NAME
Personal name Burleson, Donald K.
9 (RLIN) 101332
942 ## - ADDED ENTRY ELEMENTS (KOHA)
Source of classification or shelving scheme Dewey Decimal Classification
Koha item type English Books
Classification part 005.7565
Call number suffix GAR
Holdings
Withdrawn status Lost status Damaged status Not for loan Home library Current library Date acquired Source of acquisition Cost, normal purchase price Total Checkouts Full call number Barcode Date last seen Copy number Cost, replacement price Price effective from Koha item type Source of classification or shelving scheme Collection code
        Central Library Central Library 13/10/2015 Cen Lib/Ret 0.00   005.7565 GAR B-157282 13/10/2015 1 0.00 13/10/2015 English Books    
        Patel Nagar Patel Nagar 30/07/2018 BPPD/PUB 0.00   005.7565 GAR B-157288 30/07/2018   0.00 30/07/2018 English Books Dewey Decimal Classification Non-fiction

© Delhi Public Library
Hit Counter
free hit counter